| 000 | 00579nam a22002057a 4500 | ||
|---|---|---|---|
| 001 | 4102 | ||
| 003 | DO-SdBNP | ||
| 005 | 20180302090859.0 | ||
| 007 | 4102 | ||
| 008 | 160525b 2000 sp ||| |||| 00| 0 spa d | ||
| 040 |
_aBPMSU _bspa _cBPMSU |
||
| 100 | _aHolmes, Fiona | ||
| 245 |
_a¡Ni pensarlo Mico! / _cFiona Conboy : ilustraciones Stephen Holmes |
||
| 260 |
_aBarcelona : _bBeascoa, _c2000 |
||
| 300 |
_a[12] p. : _bil. ; _c24 cm. |
||
| 700 |
_aHolmes, Stephen _eil. |
||
| 942 |
_2ddc _cBK |
||
| 945 | _ainventariado, 2018 / dg | ||
| 956 |
_aVMATEO _b10 _c20160525 _dBPMSU _f0069 |
||
| 999 |
_c10216 _d10216 |
||